Sinh hoÌ£c phát triển thưÌ£c vâÌ£t

TriÌ€nh baÌ€y các cơ sở phân tử, truyêÌ€n tín hiêÌ£u trong sinh hoÌ£c phát triển thưÌ£c vâÌ£t; kiểm tra quá triÌ€nh phát triển vaÌ€ chu triÌ€nh sống của tế baÌ€o trong phát triển thưÌ£c vâÌ£t,......

Szczegółowa specyfikacja

Zapisane w:
Opis bibliograficzny
1. autor: Nguyễn, Như Khanh
Format: Książka
Język:Undetermined
Wydane: H. Giáo dục 2009
Hasła przedmiotowe:
Dostęp online:http://lrc.tdmu.edu.vn/opac/search/detail.asp?aID=2&ID=7667
Etykiety: Dodaj etykietę
Nie ma etykietki, Dołącz pierwszą etykiete!
Thư viện lưu trữ: Trung tâm Học liệu Trường Đại học Thủ Dầu Một
LEADER 01095nam a2200205Ia 4500
001 TDMU_7667
008 210410s9999 xx 000 0 und d
082 |a 571.2 
090 |b NG528 
100 |a Nguyễn, Như Khanh 
245 0 |a Sinh hoÌ£c phát triển thưÌ£c vâÌ£t 
245 0 |c Nguyễn Như Khanh 
260 |a H. 
260 |b Giáo duÌ£c 
260 |c 2009 
300 |a 179 tr. 
520 |a TriÌ€nh baÌ€y các cơ sở phân tử, truyêÌ€n tín hiêÌ£u trong sinh hoÌ£c phát triển thưÌ£c vâÌ£t; kiểm tra quá triÌ€nh phát triển vaÌ€ chu triÌ€nh sống của tế baÌ€o trong phát triển thưÌ£c vâÌ£t,... 
650 |a Sinh lý hoÌ£c thưÌ£c vâÌ£t; ThưÌ£c vâÌ£t  |x Phát triển; Sinh hoÌ£c  |x Phát triển 
856 |u http://lrc.tdmu.edu.vn/opac/search/detail.asp?aID=2&ID=7667 
980 |a Trung tâm Học liệu Trường Đại học Thủ Dầu Một